000 01814cam a22004334i 4500
003 PE-LiUPU
005 20250731184603.0
008 150616s r 000 0 d
035 _a(Sirsi) a5390
040 _aPE-LiUPU
_bspa
_cPE-LiUPU
_erda
049 _aPRUA
082 0 4 _a985
_bV297h
_221
100 1 _aVargas Ugarte, Rubén,
_eautor.
245 1 0 _aHistoria general del Perú :
_bLa república (1879-1884) /
_cRubén Vargas Ugarte.
264 1 _aLima :
_bMilla Batres,
_c1984.
300 _a422 páginas :
_bilustraciones ;
_c25 centímetros.
336 _atext
_2rdacontent
337 _aunmediated
_2rdamedia
338 _avolume
_2rdacarrier
505 0 _aLa actividad del Huáscar -- Grau y el combate de Angamos -- Chile invade el Perú -- Batalla de Tarapacá -- El segundo ejército del sur -- Campero toma el mando del ejército peruano -- La batalla de Tacna y toma de Arica -- Conferencias de Arica -- La defensa de Lima -- Batalla de Miraflores -- La ocupación de Lima -- El gobierno de la Magdalena -- La lucha en el norte y centro del País -- La campaña de Breña -- Conferencias en favor de la paz -- La ofensiva contra Cáceres -- El tratado de Ancón -- Pacto de paz entre Iglesias y Cáceres.
526 _aP136
526 _aP135
526 _aP134
526 _aP133
526 _aP144
526 _aP143
526 _aP87
526 _aP35
526 _aP20
526 _aP14
526 _aP10
526 _aP06
650 0 4 _aPerú
_xHistoria
_yRepública, 1879-1884.
910 _ajck
942 _2ddc
_cBK
949 _a985 V32 10
_wDEWEY
_c1
_i23910
_lCCODEBUL1
_mBUL
_p00.00
_r0
_sY
_tBOOK
_u2015-04-23
_xEDUCACION
_0COMPRA
_o.STAFF. Colección General
980 _81
_gALBERTO SANCHEZ Responsable de Automatización
999 _c56413
_d56413